00501nam a22001457a 450000500170000000800410001702000180005804100080007608200160008410000190010024501120011926000580023130000220028965000440031120250416145458.0250411b |||||||| |||| 00| 0 eng d a9781788605038 aeng a658.812 UNG a Unger, Todd  aThe 10 Second Customer Journey: The CXO’s Playbook for Growing and Retaining Customers in a Digital World aGreat BritainbPractical Inspiration Publishingc2024 a165;. pages 22 cm aBusiness; Marketing; Customer Relations